000 00534nam a2200181Ia 4500
005 20250508150843.0
008 008 250505s9999 xx 000 0 eng d
037 _aTextual
040 _aFEDL
_beng
_cFEDL
041 _aeng
_2eng
084 _a374.1, DUD
_qFEDL
100 _aDudley Sheldon F
_9757821
245 0 _aFour pillars of wisdom : A rational approach to a healthy education
260 _aLondon, UK
_bWatts and Co
_c1950
300 _axvii,246p
942 _cTEXL
_h374.1, DUD
999 _c1326113
_d1326113